Statistics for Authors By Last Name

Click here to take the quiz!

General Stats

  • This quiz has been taken 54 times
    (31 since last reset)
  • The average score is 15 of 21

Answer Stats

First NameLast Name% Correct
Arthur ConanDoyle
96%
J.R.R.Tolkien
96%
AgathaChristie
92%
CharlesDickens
92%
ErnestHemingway
92%
J.K.Rowling
92%
RoaldDahl
88%
HarperLee
88%
OscarWilde
88%
JulesVerne
85%
EdgarAllen Poe
81%
LewisCarrol
81%
MarkTwain
81%
VirginiaWoolf
77%
WilliamShakespeare
73%
RayBradbury
62%
Henry DavidThoreau
38%
WilliamFaulkner
31%
EdithWharton
31%
AnneRice
27%
GordonKorman
0%

Score Distribution

Percentile by Number Answered

Percent of People with Each Score

Your Score History

You have not taken this quiz since the last reset